[Event "Sebes GP op"]
[Site "Sebes"]
[Date "2023.11.04"]
[Round "2"]
[White "Maresanu, Mina Andrei"]
[Black "Toma, Radu Cristian"]
[Result "0-1"]
[WhiteElo "1977"]
[BlackElo "2387"]
[PlyCount "128"]
[EventDate "2023.11.04"]
[EventType "swiss"]
[EventRounds "10"]
[EventCountry "ROU"]
[SourceTitle "CB46_2023"]
[SourceDate "2023.11.15"]
[SourceVersion "1"]
[SourceVersionDate "2023.11.15"]
[SourceQuality "1"]

1. e4 d6 2. d4 e5 3. Nf3 Nd7 4. Nc3 Ngf6 5. Bg5 h6 6. Bh4 c6 7. Bc4 Be7 8. Bg3 Qa5 9. 0-0 0-0 10. a4 a6 11. Bb3 Re8 12. Re1 Bf8 13. Nh4 Qb4 14. Nf5 g6 15. Na2 Qa5 16. Nh4 Kg7 17. Qd3 Qb6 18. Nf3 Qc7 19. Rad1 Nh5 20. dxe5 dxe5 21. Qc4 Nb6 22. Bxe5+ Rxe5 23. Qd4 f6 24. Nxe5 fxe5 25. Qc3 a5 26. Re3 Nf4 27. g3 Ne6 28. Rf3 Bd7 29. Rxd7+ Nxd7 30. Bxe6 Nf6 31. Bb3 Be7 32. Qc4 Rf8 33. Nc3 Qd6 34. Rd3 Qc5 35. Kg2 Qxc4 36. Bxc4 Bb4 37. f3 Rb8 38. Kf2 Kf8 39. Ke2 Ke7 40. Kd1 Nd7 41. f4 Nc5 42. Re3 Bxc3 43. Rxc3 Nxa4 44. Rb3 b5 45. fxe5 Rd8+ 46. Bd3 b4 47. Ke2 Nc5 48. Ke3 Nxb3 49. cxb3 Ke6 50. Bc4+ Kxe5 51. Bf7 g5 52. h4 gxh4 53. gxh4 Rd1 54. Bg6 Rh1 55. h5 Rh3+ 56. Kd2 Rxb3 57. Kc2 Rg3 58. b3 c5 59. Kb2 c4 60. bxc4 a4 61. c5 Rc3 62. Be8 a3+ 63. Ka2 Rc2+ 64. Kb3 Rb2+ 0-1

[Event "Tasnad Orasului Cup"]
[Site "Tasnad"]
[Date "2021.09.11"]
[Round "4"]
[White "Helmer, Janos"]
[Black "Maresanu, Mina Andrei"]
[Result "1/2-1/2"]
[WhiteElo "1992"]
[BlackElo "1747"]
[PlyCount "77"]
[EventDate "2021.09.09"]
[EventType "swiss"]
[EventRounds "7"]
[EventCountry "ROU"]
[SourceTitle "CBM 204 Extra"]
[Source "ChessBase"]
[SourceDate "2021.11.30"]
[SourceVersion "1"]
[SourceVersionDate "2021.11.30"]
[SourceQuality "1"]

1. Nf3 Nf6 2. c4 c5 3. Nc3 Nc6 4. g3 g6 5. Bg2 Bg7 6. 0-0 0-0 7. d4 e6 8. d5 Nd4 9. e4 d6 10. dxe6 Nxf3+ 11. Bxf3 fxe6 12. Be3 Nd7 13. Be2 Qb6 14. Qd2 Ne5 15. Rab1 Qc6 16. f4 Nf7 17. Bf3 Qd7 18. Rbd1 Rd8 19. Qc2 Qe7 20. Rd2 Rb8 21. Nd1 a6 22. b3 b5 23. Nf2 Bb7 24. Rfd1 Bc6 25. Be2 Rd7 26. cxb5 axb5 27. e5 Ba8 28. exd6 Rxd6 29. Bxc5 Qb7 30. Bf1 Rxd2 31. Rxd2 Rc8 32. b4 e5 33. Bh3 exf4 34. Rd7 Qf3 35. Qb3 Qxb3 36. axb3 fxg3 37. hxg3 Re8 38. Re7 Rxe7 39. Bxe7 1/2-1/2